Principles of Clinical Ethics and Legal Dimensions in Nigeria. (Record no. 42236)

MARC details
000 -LEADER
fixed length control field 00437nam a2200181Ia 4500
020 ## - INTERNATIONAL STANDARD BOOK NUMBER
ISBN 978555865-4
050 ## - CALL MARK
Classification number KP 64 .G9/
100 ## - STATEMENT OF RESPONSIBILITY--MAIN AUTHOR NAME
Personal name Gyoh,Shima (prof)
245 #0 - TITLE STATEMENT
Title Principles of Clinical Ethics and Legal Dimensions in Nigeria.
260 ## - PUBLICATION, DISTRIBUTION, ETC. (IMPRINT)
Place of publication Lagos
260 ## - PUBLICATION, DISTRIBUTION, ETC. (IMPRINT)
Name of publisher Law breed
260 ## - PUBLICATION, DISTRIBUTION, ETC. (IMPRINT)
Year of publication 2017
300 ## - PHYSICAL DESCRIPTION
Number of Pages 557 p
650 ## - SUBJECT ADDED ENTRY--TOPICAL TERM
Topical Term Lagos
942 ## - ADDED ENTRY ELEMENTS (KOHA)
Koha item type Books
Holdings
Withdrawn status Lost status Source of classification or shelving scheme Damaged status Not for loan Permanent Location Current Location Shelving location Date acquired Accession Number Price effective from Koha item type
    Library of Congress Classification     Law Library Law Library Items on shelf 06/03/2025 0191112 06/03/2025 Books
    Library of Congress Classification     Law Library Law Library Items on shelf 06/03/2025 0191113 06/03/2025 Books